[Event "World Blitz Women 2025"]
[Site "Doha QAT"]
[Date "2025.12.29"]
[Round "9.5"]
[White "Muzychuk, Mariya"]
[Black "Salimova, Nurgyul"]
[Result "1/2-1/2"]
[WhiteTitle "GM"]
[BlackTitle "IM"]
[WhiteElo "2475"]
[BlackElo "2396"]
[WhiteFideId "14114550"]
[BlackFideId "2915138"]
[EventDate "2025.12.29"]

1. e4 e5 2. Nf3 Nc6 3. Bc4 Nf6 4. d3 Be7 5. O-O O-O 6. Nc3 d6 7. a4 Na5 8. Ba2
c5 9. Nd5 Nxd5 10. Bxd5 Nc6 11. c3 Be6 12. Re1 Bf6 13. Bxe6 fxe6 14. Be3 Qd7 15.
d4 cxd4 16. cxd4 exd4 17. Nxd4 Be5 18. Rc1 Rac8 19. Nxc6 Rxc6 20. Rxc6 Qxc6 21.
Qb3 Qxe4 22. Qxe6+ Kh8 23. Qb3 b6 24. Rc1 h6 25. h3 d5 26. Rd1 d4 27. Qc4 Rd8
28. Qd3 Qd5 29. b3 Qa8 30. Bc1 Bf6 31. Bb2 Qd5 32. Rc1 Re8 33. Rd1 Rd8 34. Rc1
Re8 35. Rd1 1/2-1/2

[Event "World Blitz Women 2025"]
[Site "Doha QAT"]
[Date "2025.12.29"]
[Round "9.6"]
[White "Toncheva, Nadya"]
[Black "Nurman, Alua"]
[Result "1/2-1/2"]
[WhiteTitle "FM"]
[BlackTitle "WGM"]
[WhiteElo "2362"]
[BlackElo "2367"]
[WhiteFideId "2924056"]
[BlackFideId "13729390"]
[EventDate "2025.12.29"]

1. e4 c5 2. c3 d5 3. exd5 Qxd5 4. Nf3 g6 5. d4 Bg7 6. dxc5 Qxc5 7. Be3 Qc7 8.
Be2 Nf6 9. h3 O-O 10. O-O Nc6 11. Na3 Bf5 12. Nb5 Qc8 13. Nbd4 Nxd4 14. Nxd4 Be4
15. Bf3 a6 16. Re1 Qc7 17. Bxe4 Nxe4 18. Qf3 Nc5 19. Rad1 e5 20. Nc2 Na4 21. Bc1
Rad8 22. Nb4 Nb6 23. Bg5 Rxd1 24. Rxd1 a5 25. Nd5 Nxd5 26. Qxd5 h6 27. Be3 Kh7
28. Qd7 Qc4 29. Qxb7 Qxa2 30. Rd7 Kg8 31. Bc5 Re8 32. Kh2 e4 33. Bd4 Bxd4 34.
cxd4 Qe6 35. Qc7 a4 36. d5 Qf6 37. Qc2 Qe5+ 38. Kg1 Rb8 39. d6 Rxb2 40. Qc8+ Kg7
41. Qc1 Ra2 42. Rb7 Ra1 43. Rb1 Rxb1 44. Qxb1 Qxd6 45. Qa1+ Kh7 46. Qxa4 Qd5 47.
Qa7 Kg7 48. Qe3 h5 49. Qb6 Qd1+ 50. Kh2 Qd3 51. Qb2+ Kh7 52. Qb7 Kg8 53. Qb8+
Kh7 54. Qc7 Qd5 55. Kg1 Qf5 56. Qd6 Kg7 57. Qd4+ Kg8 58. Qd8+ Kg7 59. Qd4+ Kh7
60. Qd6 h4 61. Qd8 g5 62. Qe7 Kg7 63. Qd6 Qf4 64. Qd4+ Kg6 65. Qb6+ f6 66. Qd8
Qc1+ 67. Kh2 Qc6 68. Qg8+ Kf5 69. Qh7+ Ke5 70. Qe7+ Kd4 71. Qb4+ Kd5 72. Qb3+
Ke5 73. Qb2+ Kf5 74. Qd4 Qc7+ 75. Kg1 Qe5 76. Qd6 Qe6 77. Qd7 Kg6 78. Qb5 e3 79.
Qb1+ Kh6 80. fxe3 Qxe3+ 81. Kh1 Qe6 82. Qf1 f5 83. Qa1 Kg6 84. Kh2 Qd6+ 85. Kh1
Qf6 86. Qe1 Kh6 87. Qd1 Qc6 88. Qa1 Kh7 89. Qa7+ Kg6 90. Qa1 Qe6 91. Qb1 Kh5 92.
Qd1+ g4 93. hxg4+ fxg4 94. Qb1 Qg6 95. Qb5+ Qg5 96. Qe8+ Kh6 97. Qe6+ Qg6 98.
Qe3+ Kh5 99. Qe5+ Qg5 100. Qe8+ Kh6 101. Qe6+ Kg7 102. Qd7+ Kf6 103. Qd8+ Kf5
104. Qd5+ Kg6 105. Qg8+ 1/2-1/2

[Event "World Blitz Women 2025"]
[Site "Doha QAT"]
[Date "2025.12.29"]
[Round "9.7"]
[White "Mungunzul, Bat-Erdene"]
[Black "Lagno, Kateryna"]
[Result "1-0"]
[WhiteTitle "WIM"]
[BlackTitle "GM"]
[WhiteElo "2350"]
[BlackElo "2508"]
[WhiteFideId "4902831"]
[BlackFideId "14109336"]
[EventDate "2025.12.29"]

1. d4 d5 2. c4 e6 3. Nf3 Nf6 4. Nc3 Be7 5. Bg5 h6 6. Bh4 dxc4 7. e3 b6 8. Bxc4
Bb7 9. O-O O-O 10. Qe2 a6 11. Rfd1 Nbd7 12. Rac1 b5 13. Bb3 Nb6 14. Ne5 Qe8 15.
Nd3 Nbd7 16. a4 c6 17. Bg3 Rc8 18. Ne5 Nxe5 19. Bxe5 Nd7 20. Bg3 Nb6 21. a5 Nd5
22. Ne4 Qd8 23. Ra1 Bb4 24. Nc5 Qe7 25. Rdc1 Rfd8 26. Qc2 Qc7 27. Bxc7 1-0

[Event "World Blitz Women 2025"]
[Site "Doha QAT"]
[Date "2025.12.29"]
[Round "9.8"]
[White "Assaubayeva, Bibisara"]
[Black "Buksa, Nataliya"]
[Result "1-0"]
[WhiteTitle "GM"]
[BlackTitle "IM"]
[WhiteElo "2497"]
[BlackElo "2397"]
[WhiteFideId "13708694"]
[BlackFideId "14123622"]
[EventDate "2025.12.29"]

1. Nf3 d5 2. c4 e6 3. g3 Nf6 4. Bg2 Bd6 5. O-O O-O 6. b3 e5 7. Bb2 d4 8. e3 c5
9. exd4 exd4 10. b4 cxb4 11. Bxd4 Bf5 12. d3 Nbd7 13. Qb3 a5 14. Nh4 Be6 15.
Bxb7 Nc5 16. Bxc5 Bxc5 17. Nd2 a4 18. Qc2 Ra7 19. Bg2 Bd4 20. Rab1 Qd6 21. Nhf3
Bc3 22. a3 Bxd2 23. Qxd2 b3 24. Qc3 Qxa3 25. Nd4 Bd7 26. c5 Rb8 27. Nc2 Qa2 28.
Rb2 Qxb2 29. Qxb2 Rc8 30. Na3 Rxc5 31. Rc1 Rac7 32. Rxc5 Rxc5 33. h3 h6 34. d4
Rc8 35. d5 Rc5 36. Qd4 Rc1+ 37. Kh2 h5 38. d6 Re1 39. Bf3 Rc1 40. g4 hxg4 41.
hxg4 Re1 42. g5 Ne8 43. Qa7 Nxd6 44. Qxd7 Ne8 45. Qxa4 b2 46. Qb5 Nd6 47. Qxb2
Nf5 48. Qb8+ Kh7 49. Qf4 g6 50. Nc2 Kg7 51. Nxe1 1-0

[Event "World Blitz Women 2025"]
[Site "Doha QAT"]
[Date "2025.12.29"]
[Round "9.9"]
[White "Muzychuk, Anna"]
[Black "Iudina, Veronika"]
[Result "1-0"]
[WhiteTitle "GM"]
[BlackTitle "WFM"]
[WhiteElo "2518"]
[BlackElo "2204"]
[WhiteFideId "14111330"]
[BlackFideId "24277916"]
[EventDate "2025.12.29"]

1. e4 e5 2. Nf3 Nc6 3. Nc3 Nf6 4. Bb5 Bb4 5. O-O O-O 6. Bxc6 dxc6 7. d3 Re8 8.
Ne2 Bd6 9. h3 h6 10. Be3 Qe7 11. Nd2 Be6 12. f4 exf4 13. Nxf4 Rad8 14. Nxe6 Qxe6
15. Qf3 Be5 16. Nc4 Bd4 17. Bxd4 Rxd4 18. Ne3 Rb4 19. b3 Nd7 20. Nf5 Ne5 21. Qe3
a5 22. a4 Ng6 23. Rf3 b5 24. c3 Nh4 25. cxb4 Nxf5 26. Qf2 Nd6 27. bxa5 Qxb3 28.
axb5 Qc3 29. Qa2 cxb5 30. a6 b4 31. Rb1 Ra8 32. e5 Qxe5 33. Qa4 c5 34. Qc6 Ra7
35. Qb6 Ra8 36. Rbf1 Qd4+ 37. Kh1 b3 38. Qxb3 Rxa6 39. Qb8+ Kh7 40. Qd8 Ra1 41.
Qe7 Rxf1+ 42. Rxf1 Qxd3 43. Re1 c4 44. Qe3 Qd5 45. Qc3 Ne4 46. Qc2 f5 47. Qb2 c3
48. Qc2 Qd2 49. Rc1 Ng3+ 50. Kh2 Ne4 51. Kh1 Kg6 52. Kg1 Qf2+ 53. Qxf2 1-0

[Event "World Blitz Women 2025"]
[Site "Doha QAT"]
[Date "2025.12.29"]
[Round "9.10"]
[White "Yakimova, Mariya"]
[Black "Song, Yuxin"]
[Result "0-1"]
[WhiteTitle "WFM"]
[BlackTitle "IM"]
[WhiteElo "2241"]
[BlackElo "2454"]
[WhiteFideId "34188859"]
[BlackFideId "8614300"]
[EventDate "2025.12.29"]

1. d4 g6 2. Nf3 Bg7 3. c4 d6 4. Nc3 c5 5. d5 Bxc3+ 6. bxc3 e5 7. e4 Nd7 8. h4 h5
9. Bd3 Qe7 10. Bg5 f6 11. Be3 Nh6 12. Qc1 Nf7 13. Rb1 Nb6 14. Qc2 Bd7 15. Nd2
Kd8 16. Nb3 Kc7 17. Na5 Rhe8 18. f3 Nd8 19. Kd2 Qg7 20. Kc1 Rf8 21. Qd2 Nf7 22.
Qf2 Rac8 23. Qc2 f5 24. exf5 gxf5 25. Bxf5 Bxf5 26. Qxf5 Qxg2 27. Rg1 Qxa2 28.
Rg7 Qxa5 29. Rxf7+ Rxf7 30. Qxf7+ Kb8 31. Bd2 Qa3+ 32. Kd1 Qa4+ 33. Kc1 Qxc4 34.
Qxh5 Rg8 35. Qf7 Rg1+ 36. Kc2 Qa4+ 37. Kd3 Rxb1 38. Qf8+ Nc8 0-1

[Event "World Blitz Women 2025"]
[Site "Doha QAT"]
[Date "2025.12.29"]
[Round "9.11"]
[White "Vo, Thi Kim Phung"]
[Black "Arabidze, Meri"]
[Result "1/2-1/2"]
[WhiteTitle "WGM"]
[BlackTitle "IM"]
[WhiteElo "2322"]
[BlackElo "2413"]
[WhiteFideId "12401838"]
[BlackFideId "13604040"]
[EventDate "2025.12.29"]

1. d4 d5 2. c4 e6 3. Nc3 h6 4. Nf3 Nf6 5. cxd5 exd5 6. Bf4 Bd6 7. Ne5 O-O 8. e3
c5 9. Be2 Nc6 10. O-O cxd4 11. exd4 Be6 12. Nxc6 bxc6 13. Bxd6 Qxd6 14. Rc1 Rfe8
15. Bf3 Bf5 16. Na4 Rac8 17. Qd2 Bg4 18. Bxg4 Nxg4 19. g3 Re6 20. Nc5 Re7 21.
Rfe1 Rce8 22. Rxe7 Rxe7 23. Re1 h5 24. h3 Nf6 25. Rxe7 Qxe7 26. Qe3 Qxe3 27.
fxe3 Kf8 28. Kf2 Ke7 29. Kf3 g5 30. h4 gxh4 31. gxh4 Ng4 32. Kf4 Kf6 33. Nd7+
Ke6 34. Nc5+ Kf6 35. Nd3 Ke6 36. b4 f6 37. a4 Kd6 38. Nc5 Nf2 39. Kf5 Ng4 40.
Kf4 Nf2 41. a5 Ng4 42. Nb7+ Kc7 43. Nc5 Kd6 44. Kf3 Nh2+ 45. Kf4 Ng4 46. e4 dxe4
47. Kxe4 Nh6 48. Nb7+ Kc7 49. Nc5 Kd6 50. a6 Kc7 51. d5 cxd5+ 52. Kxd5 Nf5 53.
Ke6 Nxh4 54. Kxf6 Nf3 55. Kf5 Kb6 56. Kf4 Nd4 57. Kg5 Nc2 58. Nd3 Kxa6 59. Kxh5
Kb5 60. Kg4 Nxb4 61. Nb2 Nd5 62. Kf3 Kb4 63. Ke2 Kb3 64. Nd3 a5 65. Kd2 Nb4 66.
Nc5+ Kb2 67. Na4+ Ka3 68. Nc5 Kb2 69. Na4+ Kb3 70. Nb6 Nc6 71. Kc1 Ne5 72. Kb1
Nd3 73. Ka1 Nb4 74. Nd7 Nd3 75. Nb6 Nf4 76. Nd7 Kb4 77. Ka2 Nd5 78. Ne5 Nc3+ 79.
Kb2 Na4+ 80. Ka2 Nc3+ 81. Kb2 a4 82. Nd3+ Kc4 83. Ne5+ Kd4 84. Nc6+ Kd3 85. Ne5+
Kd4 86. Nc6+ 1/2-1/2

[Event "World Blitz Women 2025"]
[Site "Doha QAT"]
[Date "2025.12.29"]
[Round "9.12"]
[White "Tan, Zhongyi"]
[Black "Khafizova, Diana"]
[Result "0-1"]
[WhiteTitle "GM"]
[BlackTitle "WFM"]
[WhiteElo "2524"]
[BlackElo "2234"]
[WhiteFideId "8603642"]
[BlackFideId "34378049"]
[EventDate "2025.12.29"]

1. e4 e5 2. Nf3 Nf6 3. Nxe5 d6 4. Nf3 Nxe4 5. d4 d5 6. Bd3 Bd6 7. O-O O-O 8. c4
c6 9. cxd5 cxd5 10. Nc3 Nxc3 11. bxc3 Nc6 12. Rb1 Qc7 13. h3 Ne7 14. Re1 h6 15.
Ne5 Bf5 16. Bxf5 Nxf5 17. Qg4 Qxc3 18. Bf4 Nxd4 19. Bxh6 Bxe5 20. Re3 Qc2 21.
Rbe1 Qg6 22. Qd1 Nc2 23. Bxg7 Nxe3 24. Rxe3 Bxg7 25. Rg3 Qf6 26. h4 Rac8 27. h5
Qh6 28. Qg4 Rc4 29. Qf5 Rh4 30. Rg5 Re8 31. g3 Rhe4 32. Kg2 R4e5 0-1

[Event "World Blitz Women 2025"]
[Site "Doha QAT"]
[Date "2025.12.29"]
[Round "9.13"]
[White "Ju, Wenjun"]
[Black "Wang, Chuqiao"]
[Result "0-1"]
[WhiteTitle "GM"]
[BlackTitle "WIM"]
[WhiteElo "2565"]
[BlackElo "2235"]
[WhiteFideId "8603006"]
[BlackFideId "8631638"]
[EventDate "2025.12.29"]

1. e4 e6 2. d4 d5 3. e5 c5 4. c3 Nc6 5. Nf3 Bd7 6. Be2 Nge7 7. Na3 cxd4 8. cxd4
Ng6 9. O-O Be7 10. Be3 O-O 11. g3 f6 12. exf6 Bxf6 13. Nc2 Rc8 14. Re1 Nce7 15.
Bd3 Qb6 16. Rb1 Bb5 17. h4 Bxd3 18. Qxd3 Nf5 19. Bg5 Qc7 20. Rbc1 Nxg3 21. Bxf6
Rxf6 22. Ng5 Ne4 23. Nxe4 dxe4 24. Rxe4 Nf4 25. Qe3 Qf7 26. Kf1 Nd5 27. Qg3 Rf3
28. Qg2 Nb4 0-1

[Event "World Blitz Women 2025"]
[Site "Doha QAT"]
[Date "2025.12.29"]
[Round "9.14"]
[White "Shukhman, Anna"]
[Black "Koneru, Humpy"]
[Result "1-0"]
[WhiteTitle "WGM"]
[BlackTitle "GM"]
[WhiteElo "2431"]
[BlackElo "2535"]
[WhiteFideId "54180058"]
[BlackFideId "5008123"]
[EventDate "2025.12.29"]

1. e4 e5 2. Nc3 Nf6 3. f4 d5 4. fxe5 Nxe4 5. Nf3 c5 6. Bb5+ Nc6 7. O-O Be7 8.
Na4 Bg4 9. Qe1 Bxf3 10. Rxf3 Ng5 11. Rf1 O-O 12. Bxc6 bxc6 13. d3 Ne6 14. b3 Qc7
15. Qg3 Kh8 16. Ba3 c4 17. Bxe7 Qxe7 18. dxc4 dxc4 19. Rad1 Rad8 20. Qc3 cxb3
21. axb3 Qc7 22. Nb2 Qb6+ 23. Kh1 Kg8 24. Nc4 Qc5 25. Qf3 Rd5 26. h3 h6 27. Rde1
Ng5 28. Qg3 Ne6 29. Re4 Rd4 30. Rxd4 Qxd4 31. Qf3 Ng5 32. Qxc6 Ne4 33. Kh2 h5
34. e6 f5 35. e7 Rb8 36. e8=Q+ 1-0

[Event "World Blitz Women 2025"]
[Site "Doha QAT"]
[Date "2025.12.29"]
[Round "9.15"]
[White "Zhu, Jiner"]
[Black "Cori T., Deysi"]
[Result "1-0"]
[WhiteTitle "GM"]
[BlackTitle "IM"]
[WhiteElo "2579"]
[BlackElo "2349"]
[WhiteFideId "8608059"]
[BlackFideId "3801934"]
[EventDate "2025.12.29"]

1. d4 g6 2. c4 Bg7 3. Nc3 c5 4. d5 Bxc3+ 5. bxc3 f5 6. Nf3 Qa5 7. Qc2 Nf6 8. Bh6
Rg8 9. e3 d6 10. Bd3 Nbd7 11. O-O Nb6 12. Rfe1 Bd7 13. Nd2 O-O-O 14. e4 Ng4 15.
Bg5 Rde8 16. exf5 Ne5 17. fxg6 hxg6 18. Bf1 Bf5 19. Qb2 Qa4 20. Qb3 e6 21. dxe6
Rxe6 22. f4 Nc6 23. Rxe6 Bxe6 24. Ne4 Kc7 25. Rd1 Qxb3 26. axb3 Nc8 27. Nf6 Rf8
28. Bd3 Bf5 29. Bxf5 gxf5 30. h4 Nd8 31. Kf2 1-0

[Event "World Blitz Women 2025"]
[Site "Doha QAT"]
[Date "2025.12.29"]
[Round "9.16"]
[White "Pham, Le Thao Nguyen"]
[Black "Garifullina, Leya"]
[Result "0-1"]
[WhiteTitle "IM"]
[BlackTitle "IM"]
[WhiteElo "2348"]
[BlackElo "2454"]
[WhiteFideId "12401226"]
[BlackFideId "34127035"]
[EventDate "2025.12.29"]

1. d4 Nf6 2. Nf3 d5 3. Bf4 c5 4. e3 Nc6 5. Nbd2 Bg4 6. c3 e6 7. Qb3 Qc8 8. h3
Bh5 9. Ne5 Nxe5 10. Bxe5 c4 11. Qa4+ Nd7 12. e4 a6 13. Bh2 b5 14. Qc2 Bg6 15. f3
Be7 16. Be2 Bh4+ 17. g3 Be7 18. O-O O-O 19. Qd1 dxe4 20. fxe4 e5 21. d5 Nc5 22.
Bg4 Qd8 23. Qe2 Bg5 24. Bf3 Bxd2 25. Qxd2 Bxe4 26. g4 Bd3 27. Bxe5 Bxf1 28. Rxf1
Nd3 29. Bd4 Qd6 30. Qg2 Rae8 31. Be4 Nxb2 32. Rf5 Nd3 33. Rh5 g6 34. Rh6 Qf4 35.
Bxd3 cxd3 36. g5 Re1+ 0-1

[Event "World Blitz Women 2025"]
[Site "Doha QAT"]
[Date "2025.12.29"]
[Round "9.17"]
[White "Divya, Deshmukh"]
[Black "Batsiashvili, Nino"]
[Result "1-0"]
[WhiteTitle "GM"]
[BlackTitle "GM"]
[WhiteElo "2497"]
[BlackElo "2462"]
[WhiteFideId "35006916"]
[BlackFideId "13602993"]
[EventDate "2025.12.29"]

1. e4 e5 2. Nf3 Nc6 3. g3 Nf6 4. d3 Bc5 5. Bg2 d6 6. O-O Bg4 7. h3 Be6 8. c3 Bb6
9. d4 Bd7 10. Re1 h6 11. Na3 O-O 12. Nc4 Qe7 13. a4 a6 14. d5 Nb8 15. Nxb6 cxb6
16. Qb3 b5 17. axb5 Bxb5 18. c4 Be8 19. Bd2 Qc7 20. Ba5 Qc8 21. Bb4 Qc7 22. Qa3
Qxc4 23. Bxd6 Nbd7 24. Bxf8 Nxf8 25. Nxe5 Qb5 26. Rac1 Qb6 27. Nc4 Qd4 28. e5
Nh5 29. Qe3 Qxe3 30. Rxe3 Nd7 31. Nd6 b5 32. e6 fxe6 33. dxe6 Rd8 34. exd7 Bxd7
35. Rc7 Nf6 36. Nb7 Rb8 37. Re7 Kf8 38. Rexd7 Nxd7 39. Rxd7 Rc8 40. b3 Rc1+ 41.
Kh2 Rc2 42. Rd3 Ke7 43. b4 Rb2 44. Nc5 Rxb4 45. Nxa6 Rb2 46. Nc5 Rxf2 47. Rd7+
Ke8 48. Rxg7 Rc2 49. Nb3 Rb2 50. Nd4 b4 51. Rb7 Kd8 52. Rxb4 Rxb4 53. Nc6+ 1-0

[Event "World Blitz Women 2025"]
[Site "Doha QAT"]
[Date "2025.12.29"]
[Round "9.18"]
[White "Khademalsharieh, Sarasadat"]
[Black "Khalilova, Madinabonu"]
[Result "1/2-1/2"]
[WhiteTitle "IM"]
[BlackTitle "WCM"]
[WhiteElo "2414"]
[BlackElo "2241"]
[WhiteFideId "12512214"]
[BlackFideId "14223422"]
[EventDate "2025.12.29"]

1. d4 Nf6 2. g3 g6 3. c4 d5 4. cxd5 Nxd5 5. Bg2 Bg7 6. e4 Nb6 7. Ne2 O-O 8. Nbc3
Nc6 9. d5 Na5 10. O-O c6 11. Nd4 cxd5 12. exd5 e6 13. Nb3 Nxb3 14. Qxb3 exd5 15.
Nxd5 Be6 16. Rd1 Nxd5 17. Bxd5 Bxd5 18. Rxd5 Qe7 19. Be3 b6 20. Rad1 Qe6 21. Bd4
Bxd4 22. R1xd4 Rac8 23. Rd1 Rc7 24. Qd3 Qf6 25. Rd2 Rc1+ 26. Kg2 Qc6 27. Qf3 Qe6
28. b3 Qe1 29. Rd1 Rxd1 30. Rxd1 Qa5 31. a4 Qb4 32. h4 h5 33. Rd7 a5 34. Rb7 Qd6
35. Kh2 Qe6 36. Qe3 Qxe3 37. fxe3 Re8 38. Rxb6 Rxe3 39. Kg2 Kf8 40. Kf2 Rc3 41.
Rb7 Kg7 42. Rb5 Kf6 43. Rxa5 Rxb3 44. Ra7 Ra3 45. a5 Ke6 46. Kg2 f6 47. Ra8 Kf5
48. a6 Kg4 49. a7 Ra2+ 50. Kf1 Kxg3 51. Rg8 Rxa7 52. Rxg6+ Kxh4 53. Rxf6 Kg5 54.
Rf8 h4 55. Kg2 Ra2+ 56. Kh3 Ra3+ 57. Kh2 1/2-1/2

[Event "World Blitz Women 2025"]
[Site "Doha QAT"]
[Date "2025.12.29"]
[Round "9.19"]
[White "Gunina, Valentina"]
[Black "Nomin-Erdene, Davaademberel"]
[Result "1-0"]
[WhiteTitle "GM"]
[BlackTitle "IM"]
[WhiteElo "2393"]
[BlackElo "2312"]
[WhiteFideId "4167570"]
[BlackFideId "4900782"]
[EventDate "2025.12.29"]

1. e4 e6 2. d4 d5 3. e5 c5 4. c3 Nc6 5. Nf3 Bd7 6. Be2 cxd4 7. cxd4 Nge7 8. Na3
Nf5 9. Nc2 Be7 10. O-O O-O 11. g4 Nh4 12. Nxh4 Bxh4 13. f4 f6 14. Be3 Rc8 15.
Qd2 fxe5 16. dxe5 Be7 17. Rad1 Qa5 18. a3 Qxd2 19. Rxd2 Na5 20. Bxa7 Nb3 21.
Rfd1 Nxd2 22. Rxd2 Bc5+ 23. Bxc5 Rxc5 24. b4 Rc3 25. f5 exf5 26. Nd4 fxg4 27. e6
Be8 28. Bxg4 Rf4 29. h3 h5 30. Ne2 hxg4 31. Nxc3 gxh3 32. Nxd5 Re4 33. Nc7 Bc6
34. b5 Bxb5 35. Nxb5 Rxe6 36. Rd3 Rb6 37. Nd4 Rh6 38. Kh2 g5 39. Nf5 Rf6 40. Ng3
g4 41. Rd4 Rg6 42. Nh5 Kf7 43. Rd7+ Ke6 44. Rxb7 Rg5 45. Nf4+ Kf5 46. Kg3 Rg8
47. Rb5+ Ke4 48. Rb4+ Kf5 49. Nd5 Re8 50. Rxg4 Re5 51. Rd4 Ke6 52. Nf4+ Kf5 53.
Rd3 Re4 54. Nxh3 Ra4 55. Nf2 Ke5 56. Kf3 Ra5 57. Ke3 Ra4 58. Kd2 Ke6 59. Nd1 Ke5
60. Nb2 Ra6 61. Kc2 Ke6 62. Kb3 1-0

[Event "World Blitz Women 2025"]
[Site "Doha QAT"]
[Date "2025.12.29"]
[Round "9.20"]
[White "Gu, Xiaobing"]
[Black "Yip, Carissa"]
[Result "0-1"]
[WhiteTitle "WGM"]
[BlackTitle "IM"]
[WhiteElo "2106"]
[BlackElo "2459"]
[WhiteFideId "8602611"]
[BlackFideId "2090732"]
[EventDate "2025.12.29"]

1. d4 g6 2. Nc3 Bg7 3. e4 d6 4. Be3 a6 5. a4 Nd7 6. Qd2 b6 7. f4 Bb7 8. Nf3 Ngf6
9. Bd3 c5 10. d5 O-O 11. f5 Ng4 12. Bg5 Re8 13. h3 Nge5 14. Bh6 Nxf3+ 15. gxf3
Ne5 16. Be2 e6 17. dxe6 Qh4+ 18. Kf1 Bxh6 19. Qxd6 Be3 20. Nd1 Bf4 21. Qxb6 Rab8
22. Qxc5 fxe6 23. fxe6 Rbc8 24. Qb6 Qe7 25. Nc3 Rc6 26. Qb3 Rxe6 27. Rd1 Kg7 28.
Nd5 Bxd5 29. Rxd5 Rf8 30. h4 Bh6 31. Kg2 g5 32. h5 Qf6 33. Qc3 g4 34. f4 Bxf4
35. Rf1 Qh4 36. Rxf4 Rxf4 37. Qd4 0-1

[Event "World Blitz Women 2025"]
[Site "Doha QAT"]
[Date "2025.12.29"]
[Round "9.21"]
[White "Padmini, Rout"]
[Black "Vaishali, Rameshbabu"]
[Result "1-0"]
[WhiteTitle "IM"]
[BlackTitle "GM"]
[WhiteElo "2354"]
[BlackElo "2473"]
[WhiteFideId "5029295"]
[BlackFideId "5091756"]
[EventDate "2025.12.29"]

1. Nf3 d5 2. g3 c5 3. Bg2 Nc6 4. d4 e6 5. O-O cxd4 6. Nxd4 Bc5 7. Nb3 Bb6 8. Nc3
Nge7 9. e4 d4 10. Na4 Bc7 11. c3 e5 12. cxd4 exd4 13. Nac5 O-O 14. f4 b6 15. Nd3
f5 16. e5 Be6 17. Bd2 Rc8 18. Rc1 Bd5 19. Bxd5+ Qxd5 20. Qf3 Qe6 21. Rc2 Bb8 22.
Rfc1 a5 23. Be1 a4 24. Nd2 Nd5 25. Bf2 Ba7 26. a3 b5 27. Nc5 Bxc5 28. Rxc5 Nce7
29. Bxd4 h6 30. Nf1 Kh7 31. Ne3 Nxe3 32. Bxe3 Rxc5 33. Rxc5 Qb3 34. Qe2 Rd8 35.
Rxb5 Rd1+ 36. Kf2 Qe6 37. Rb6 Qd7 38. Rd6 Rxd6 39. exd6 Qxd6 40. Qd2 Nd5 41. Qd3
Qe6 42. Bd4 Kg6 43. Be5 Kh7 44. h3 Kh8 45. Qd4 Qf7 46. Qxa4 Kh7 47. Qd4 Ne7 48.
Qd3 Ng6 49. g4 fxg4 50. hxg4 Kh8 51. Qd6 Kh7 52. f5 Nxe5 53. Qxe5 Qb3 54. Qc3
Qd5 1-0

[Event "World Blitz Women 2025"]
[Site "Doha QAT"]
[Date "2025.12.29"]
[Round "9.22"]
[White "Balajayeva, Khanim"]
[Black "Shuvalova, Polina"]
[Result "0-1"]
[WhiteTitle "IM"]
[BlackTitle "IM"]
[WhiteElo "2351"]
[BlackElo "2502"]
[WhiteFideId "13406396"]
[BlackFideId "24171760"]
[EventDate "2025.12.29"]

1. e4 e5 2. Nf3 Nc6 3. d4 exd4 4. Nxd4 Nf6 5. Nxc6 bxc6 6. Bd3 d5 7. exd5 cxd5
8. O-O Be7 9. c4 d4 10. Nd2 O-O 11. Ne4 Bb7 12. Nxf6+ Bxf6 13. Bf4 Qd7 14. b4
Rfe8 15. f3 Be5 16. Qd2 Qd6 17. Bxe5 Rxe5 18. Rad1 c5 19. bxc5 Qxc5 20. Qf2 Rd8
21. Qh4 g5 22. Qxh7+ Kf8 23. Rfe1 Re3 24. Bg6 Rd7 25. Qh8+ Ke7 26. Bd3 Rd6 27.
Qb8 Bc6 28. Kh1 Rde6 29. Rf1 a5 30. Qg3 a4 31. h3 a3 32. Rfe1 Qa5 33. Rf1 Qc5
34. Rfe1 Qa5 35. Rf1 Ba4 36. Rb1 Rxd3 37. Rb7+ Bd7 38. Qg4 Qe5 39. c5 Re3 40. c6
Re1 41. Rxd7+ Kf6 42. Rxe1 Qxe1+ 0-1

[Event "World Blitz Women 2025"]
[Site "Doha QAT"]
[Date "2025.12.29"]
[Round "9.23"]
[White "Mammadzada, Gunay"]
[Black "Kiolbasa, Oliwia"]
[Result "0-1"]
[WhiteTitle "IM"]
[BlackTitle "IM"]
[WhiteElo "2390"]
[BlackElo "2397"]
[WhiteFideId "13403729"]
[BlackFideId "1154613"]
[EventDate "2025.12.29"]

1. Nf3 Nf6 2. d4 e6 3. Bf4 h6 4. c3 b6 5. h3 Bb7 6. e3 Bd6 7. Ne5 O-O 8. Bd3 Qe7
9. O-O c5 10. Nd2 Nc6 11. Ndc4 Bb8 12. Bc2 d6 13. Nxc6 Bxc6 14. dxc5 dxc5 15.
Ne5 Bb7 16. c4 Bc7 17. Qe2 Rad8 18. Rad1 Rxd1 19. Rxd1 Rd8 20. Ng4 Bxf4 21. exf4
Nxg4 22. hxg4 Bc6 23. Re1 Rd4 24. f5 e5 25. Qxe5 Qxe5 26. Rxe5 Rxg4 27. g3 Rxc4
28. Bb3 Rc1+ 0-1

[Event "World Blitz Women 2025"]
[Site "Doha QAT"]
[Date "2025.12.29"]
[Round "9.24"]
[White "Injac, Teodora"]
[Black "Mamedjarova, Turkan"]
[Result "1-0"]
[WhiteTitle "IM"]
[BlackTitle "WGM"]
[WhiteElo "2421"]
[BlackElo "2216"]
[WhiteFideId "932400"]
[BlackFideId "13402005"]
[EventDate "2025.12.29"]

1. Nf3 d5 2. g3 Bf5 3. Bg2 e6 4. O-O Nf6 5. c4 c6 6. Qb3 b6 7. d3 Bd6 8. Nc3 O-O
9. Bg5 Be7 10. Rac1 Nbd7 11. Nd4 Nc5 12. Qd1 Rc8 13. Nxf5 exf5 14. cxd5 Nxd5 15.
Bd2 Nxc3 16. Bxc3 Bf6 17. b4 Nd7 18. Qa4 Bxc3 19. Rxc3 Ne5 20. Rfc1 Qd4 21. e3
Qd6 22. d4 Ng4 23. h3 Nf6 24. Rxc6 Rxc6 25. Rxc6 Qe7 26. a3 h5 27. h4 Ne4 28.
Qc2 a5 29. Rxb6 axb4 30. Rxb4 g6 31. Bxe4 fxe4 32. d5 Qe5 33. Qxe4 Qa1+ 34. Kg2
Qxa3 35. Rd4 Rd8 36. Qe5 Rd6 37. Rc4 Rd8 38. Rc7 Qa5 39. e4 Qb6 40. Qe7 Rf8 41.
Rc6 Qd4 42. Rd6 Ra8 43. Rd8+ Rxd8 44. Qxd8+ Kg7 45. Qe7 1-0

[Event "World Blitz Women 2025"]
[Site "Doha QAT"]
[Date "2025.12.29"]
[Round "9.25"]
[White "Maltsevskaya, Aleksandra"]
[Black "Beydullayeva, Govhar"]
[Result "1-0"]
[WhiteTitle "IM"]
[BlackTitle "WGM"]
[WhiteElo "2398"]
[BlackElo "2364"]
[WhiteFideId "24174041"]
[BlackFideId "13413015"]
[EventDate "2025.12.29"]

1. Nf3 d5 2. g3 Nf6 3. Bg2 e6 4. O-O Be7 5. d3 O-O 6. Nbd2 Nc6 7. c4 e5 8. cxd5
Nxd5 9. a3 a5 10. Qc2 Be6 11. Ne4 f6 12. Nc5 Bc8 13. Bd2 Qd6 14. Rac1 Nb6 15.
Rfd1 Rb8 16. e3 Qxc5 17. Qxc5 Bxc5 18. Rxc5 Be6 19. Ne1 Rfd8 20. Rdc1 a4 21.
Bxc6 bxc6 22. Rxc6 Bh3 23. Rxc7 Nd5 24. R7c2 Rb3 25. e4 Ne7 26. Bb4 Nc8 27. f3
Na7 28. Kf2 Nb5 29. g4 Nd4 30. Rc8 Rxc8 31. Rxc8+ Kf7 32. Bc3 Nb5 33. Kg3 Bf1
34. Kf2 Bh3 35. Nc2 Nxc3 36. Rxc3 Rxb2 37. Ke3 Bf1 38. d4 Rb3 39. Kd2 exd4 40.
Nxd4 Rb2+ 41. Ke3 Rxh2 42. Rc7+ Kf8 43. Ne6+ Ke8 44. Nxg7+ Kd8 45. Ne6+ Ke8 46.
Ra7 Re2+ 47. Kf4 Rf2 48. Rxa4 Bb5 49. Ra7 Bd7 50. Ng7+ Kd8 51. Nh5 Bb5 52. Nxf6
Be2 53. Ke5 Rxf3 54. Nxh7 Rg3 55. Nf6 Bxg4 56. Rg7 Rxa3 57. Rxg4 Ra5+ 58. Ke6
Ra6+ 59. Kf5 Ke7 60. e5 Kf7 61. Rh4 Ra5 62. Rc4 Ra6 63. Rc7+ Kf8 64. Ne4 Ra5 65.
Nd6 Ra6 66. Kf6 Ra8 67. e6 Re8 68. Rf7+ Kg8 69. Nxe8 1-0